A délvidéki semleges zóna létrehozása

Elmentve itt :
Bibliográfiai részletek
Szerző: Bene Krisztián
Dokumentumtípus: Könyv része
Megjelent: 2021
Sorozat:Közép-európai Monográfiák 28
Lokális Trianon 1. : Csongrád, Csanád és Torontál vármegye az összeomlás éveiben 1918–1920 28
Kulcsszavak:Békeszerződés - trianoni, Csongrád vármegye, Csanád vármegye, Torontál vármegye, Délvidék története
Tárgyszavak:
Online Access:http://acta.bibl.u-szeged.hu/72964
LEADER 00945naa a2200229 i 4500
001 acta72964
005 20220106123254.0
008 210713s2021 hu o 0|| hun d
020 |a 978-615-81261-5-1 
022 |a 2062-3712 
040 |a SZTE Egyetemi Kiadványok Repozitórium  |b hun 
041 |a hun 
100 1 |a Bene Krisztián 
245 1 2 |a A délvidéki semleges zóna létrehozása  |h [elektronikus dokumentum] /  |c  Bene Krisztián 
260 |c 2021 
300 |a 11-26 
490 0 |a Közép-európai Monográfiák  |v 28 
490 0 |a Lokális Trianon 1. : Csongrád, Csanád és Torontál vármegye az összeomlás éveiben 1918–1920  |v 28 
650 4 |a Bölcsészettudományok 
650 4 |a Történettudomány és régészet 
695 |a Békeszerződés - trianoni, Csongrád vármegye, Csanád vármegye, Torontál vármegye, Délvidék története 
856 4 0 |u http://acta.bibl.u-szeged.hu/72964/1/kek_mono_028_011-026.pdf  |z Dokumentum-elérés